000 00973nam a2200241Ia 4500
005 20240530110941.0
008 140319s2021 ua dhf f 000 0 ara d
017 _a2020/14698
_bمصر. دار الكتب
020 _a9789776784970
040 _aGCL /
_cGCL
082 0 4 _221
_a617.1027
_bإ ت
100 0 _aايهاب محمد عماد الدين ابراهيم
245 1 2 _aالتقنيات الحديثة لعلاج وتاهيل الاصابات الرياضية /
_cايهاب محمد عماد الدين ابراهيم
250 _aط. 1
260 _aالاسكندرية :
_bدار الوفاء لدنيا الطباعة و النشر،
_c2021.
300 _a604 ص. :
_bايض ؛
_c24 سم.
650 0 7 _aالرياضيون
_xاعادة التاهيل
650 0 7 _aالطب الرياضى
650 0 7 _aاصابات الملاعب
650 0 7 _aالعلاج الطبيعى
942 _2ddc
_cBK
999 _c66820
_d66820